Cuentos tropigóticos

Bewaard in:
Bibliografische gegevens
Hoofdauteur: Chaves, José Ricardo
Formaat: Boek
Taal:Undetermined
Gepubliceerd in: México, Distrito Federal Universidad Nacional 1997
Onderwerpen:
Tags: Voeg label toe
Geen labels, Wees de eerste die dit record labelt!

MARC

LEADER 00000nam a2200000Ia 4500
008 170316s9999 xx 000 0 und d
040 |a cru BVZT 
090 |a 868 Ch-5.1c 
100 |a Chaves, José Ricardo 
245 |a Cuentos tropigóticos 
260 |a México, Distrito Federal  |b Universidad Nacional  |c 1997 
300 |a 141 páginas 
650 |a LITERATURA LATINOAMERICANA 
999 |c 10883  |d 10883 
942 |c 15 D  |h 868 Ch-5.1c  |2 z